000 00560nam a22001817a 4500
003 JO-AjAnu
005 20241019112809.0
008 241019b jo ||||| |||| 00| 0 ara d
020 _a2-24-514-9957-978
040 _cJO-AjAnu
041 _hARA
100 _aالسلطاني، خالد
_eمؤلف
_966317
245 _aمحمد مكية : 100 عام من العمارة والحياة
_c / خالد السلطاني
260 _aعمان :
_bدار الأديب،
_c2014
300 _a271 صفحة
650 _vالعمارة
_948505
942 _2lcc
_cBK
_n0
999 _c33758
_d33758